|
003 -Nazwa inst., której nr kontr. jest w polu 001 [,]
|
-
- @
- Nazwa instytucji, której n kontrolny jest w polu 001
- NUKAT
|
|
005 -DATA I CZAS OSTATNIEJ MODYFIKACJI [,]
|
-
- @
- pole kontrolne
- 20260413125334.0
|
|
020 -Międzynarod. znormalizowany nr książki - ISBN [ , ]
|
-
- a
- Numer ISBN
- 8301148748
|
|
020 -Międzynarod. znormalizowany nr książki - ISBN [ , ]
|
-
- a
- Numer ISBN
- 9788301148744
|
|
040 -Instytucja sporządzająca opis [ , ]
|
-
- a
- Instytucja, która sporządziła opis (NP)
- WA U/96BG
-
- c
- Instytucja, która sporządziła rekord (NP)
- WA U/BG
-
- d
- Instytucja, która zmodyfikowała rekord (P)
- WA U/BG
-
- d
- Instytucja, która zmodyfikowała rekord (P)
- WA U/96hjcs
-
- d
- Instytucja, która zmodyfikowała rekord (P)
- WA N/PBbj
-
- d
- Instytucja, która zmodyfikowała rekord (P)
- WA N/PBds
|
|
942 -Rodzaj dokumentu [ , ]
|
-
- c
- Rodzaj dokumentu
- Książka
|
|
300 -Strefa opisu fizycznego [ , ]
|
-
- a
- Określenie formy książki i/lub objętość (NP)
- 845, [3] s. :
-
- b
- Oznaczenie ilustracji (NP)
- il. kolor. ;
-
|
|
336 -Typ zawartości [ , ]
|
-
- a
- Termin opisujący typ zawartości
- Tekst
-
- b
- Kod określający zawartość
- txt
-
- 2
- Źródło (terminu i kodu)
- rdacontent
|
|
337 -Typ mediów [ , ]
|
-
- a
- Tryb odtwarzania
- Bez urządzenia pośredniczącego
-
-
- 2
- Źródło (terminu i kodu)
- rdamedia
|
|
338 -Typ/rodzaj nośnika [ , ]
|
-
- a
- Hasło opisujące typ nośnika
- Wolumin
-
-
- 2
- Źródło (terminu i kodu)
- rdacarrier
|
|
380 -Deskryptor - Forma dzieła (P) [ , ]
|
-
- a
- forma dzieła (NP)
- Książki
|
|
380 -Deskryptor - Forma dzieła (P) [ , ]
|
-
- a
- forma dzieła (NP)
- Publikacje informacyjne
|
|
388 -Deskryptor - czas powstania dzieła (P) [1, ]
|
-
- a
- Czas powstania dzieła (NP)
- 2001-
|
|
080 -Uniwersalna Klasyfikacja Dziesiętna [ , ]
|
-
- 2
- Identyfikator wydania tablic
- UDC-P022
-
- a
- Symbol klasyfikacji
- 314.1
-
- b
- Dopowiedzenie
- Ogólne problemy demografii. Teorie ludnościowe. Populacjonizm. Maltuzjanizm. Neomaltuzjanizm. Teorie optymalnego zaludnienia. Polityka ludnościowa. Eksplozja demograficzna.
-
-
- b
- Dopowiedzenie
- (Encyklopedie. Słowniki encyklopedyczne. Wydawnictwa informacyjne).
|
|
080 -Uniwersalna Klasyfikacja Dziesiętna [ , ]
|
-
- 2
- Identyfikator wydania tablic
- UDC-P022
-
-
- b
- Dopowiedzenie
- Etnologia. Etnografia. Zwyczaje i obyczaje. Folklor.
-
-
- b
- Dopowiedzenie
- (Encyklopedie. Słowniki encyklopedyczne. Wydawnictwa informacyjne).
|
|
080 -Uniwersalna Klasyfikacja Dziesiętna [ , ]
|
-
- 2
- Identyfikator wydania tablic
- UDC-P022
-
- a
- Symbol klasyfikacji
- 811
-
- b
- Dopowiedzenie
- Poszczególne języki.
-
-
- b
- Dopowiedzenie
- (Encyklopedie. Słowniki encyklopedyczne. Wydawnictwa informacyjne).
|
|
080 -Uniwersalna Klasyfikacja Dziesiętna [ , ]
|
-
- 2
- Identyfikator wydania tablic
- UDC-P022
-
- a
- Symbol klasyfikacji
- 94(100)
-
- b
- Dopowiedzenie
- Historia świata.
-
-
- b
- Dopowiedzenie
- (Encyklopedie. Słowniki encyklopedyczne. Wydawnictwa informacyjne).
|
|
650 -Hasło przedmiotowe [ ,7]
|
-
- a
- Hasło przedmiotowe
- Etnografia
-
-
|
|
650 -Hasło przedmiotowe [ ,7]
|
-
- a
- Hasło przedmiotowe
- Język
-
-
|
|
650 -Hasło przedmiotowe [ ,7]
|
-
- a
- Hasło przedmiotowe
- Ludność
-
-
|
|
650 -Hasło przedmiotowe [ ,7]
|
-
- a
- Hasło przedmiotowe
- Język i mowa
-
- v
- Określnik formalny
- encyklopedie.
-
-
|
|
650 -Hasło przedmiotowe [ ,7]
|
-
- a
- Hasło przedmiotowe
- Etnologia
-
- v
- Określnik formalny
- encyklopedie.
-
-
|
|
650 -Hasło przedmiotowe [ ,7]
|
-
- a
- Hasło przedmiotowe
- Obyczaje i zwyczaje
-
- v
- Określnik formalny
- encyklopedie.
-
-
|
|
650 -Hasło przedmiotowe [ ,7]
|
-
- a
- Hasło przedmiotowe
- Językoznawcy
-
- v
- Określnik formalny
- biografie
-
- v
- Określnik formalny
- słowniki.
-
-
|
|
655 -Hasło w funkcji tematu formalnego [ ,7]
|
-
-
-
|
|
658 -Ujęcie treści [ , ]
|
-
- a
- dziedzina nauki i sztuki/ sfera aktywności życiowej
- Językoznawstwo
|
|
980 -Symbol UKD [ , ]
|
-
- a
- UKD
- 314.1:39:811:94(100)](03)
|